000
00324 a2200133 4500
005
20250319142700.0
020
_a
0-8273-2212-7
082
_a
512.1 LEW
100
_a
LEWIS,H.
245
_a
Technical Mathematics
260
_a
Canada
_b
Delmar Publishers INC.
_c
1986
300
_a
ix, 868p. ill.
_b
Index
_c
24cm.
942
_2
ddc
_c
BKS
999
_c
1007
_d
1007